| 000 | 02076nam a22002657a 4500 | ||
|---|---|---|---|
| 999 |
_c317788 _d317788 |
||
| 001 | 31365 | ||
| 003 | UA-OsUOA | ||
| 005 | 20230504161224.0 | ||
| 007 | ta | ||
| 008 | 20041214b un ||||| |||| 00| 0 ukr d | ||
| 020 | _a966-313-121-7 | ||
| 040 |
_aUA-OsUOA _bukr _cUA-OsUOA _dUA-OsUOA |
||
| 041 | _aukr | ||
| 044 | _aUA | ||
| 080 | _a347.23 | ||
| 090 |
_a347.23 _bП32 |
||
| 245 |
_aПраво інтелектуальної власності: академічний курс _bпідручник для студентів вищих навчальних закладів _cред. О. А. Підопригора, О. Д. Святоцький |
||
| 260 |
_aКиїв _bВидавничий дім "Ін Юре" _c2004 |
||
| 300 | _a672 с. | ||
| 520 | _aСвітло вільної наукової, технічної і художньої творчості з давніх часів наполегливо пробивається до світового визнання. Завдяки бурхливому розвитку науково-технічного прогресу, інтернаціоналізації господарських зв’язків, комп’ютеризації виробництва інформація стала таким самим об’єктом права власності, як і засоби виробництва. Досвід розвинених країн показав, що саме по собі виробництво вже не є визначальним чинником зростання економічних показників, воно поступово поступається місцем науці, розвитку нових технологій. У зв’язку з цим питома значимість інтелектуальної власності в житті людей зростає вже не щодня, а щогодини. | ||
| 650 | 7 | _2UDC | |
| 942 |
_cBK _2udc |
||
| 955 | _a2 | ||